书目信息 |
| 题名: |
C语言程序设计
|
|
| 作者: | 李宇明 主编 | |
| 分册: | ||
| 出版信息: | 武汉 武汉理工大学出版社 2007.02 |
|
| 页数: | 240页 | |
| 开本: | 26cm | |
| 丛书名: | ||
| 单 册: | ||
| 中图分类: | TP312C | |
| 科图分类: | ||
| 主题词: | C语言--C yu yan--程序设计 | |
| 电子资源: | ||
| ISBN: | 978-7-5629-2519-4 | |
| 000 | 00798nam0 2200241 450 | |
| 001 | 012007117604 | |
| 005 | 20070927091220.00 | |
| 010 | @a978-7-5629-2519-4@dCNY24.00 | |
| 100 | @a20070629d2007 km y0chiy0120 ea | |
| 101 | 0 | @achi |
| 102 | @aCN@b420000 | |
| 105 | @aak a 000yy | |
| 200 | 1 | @aC语言程序设计@AC yu yan cheng xu she ji@f李宇明主编@Fli yu ming zhu bian |
| 210 | @a武汉@c武汉理工大学出版社@d2007.02 | |
| 215 | @a240页@c图@d26cm | |
| 320 | @a有书目。 | |
| 330 | @a本书全面系统地讲述了C语言的基本概念、基本语法和编程方法,主要内容包括:C语言的数据类型及其运算、输入输出、选择结构、循环结构、数组等。 | |
| 333 | @a高职高专教材 | |
| 606 | 0 | @aC语言@AC yu yan@x程序设计 |
| 690 | @aTP312C@v4 | |
| 701 | 0 | @a李宇明@Ali yu ming@4主编 |
| 801 | 0 | @aCN@c20070927 |
| 905 | @dTP312C@eL324 | |
| C语言程序设计/李宇明主编.-武汉:武汉理工大学出版社,2007.02 |
| 240页:图;26cm |
| 使用对象:高职高专教材 |
| ISBN 978-7-5629-2519-4:CNY24.00 |
| 本书全面系统地讲述了C语言的基本概念、基本语法和编程方法,主要内容包括:C语言的数据类型及其运算、输入输出、选择结构、循环结构、数组等。 |
| ● |
| 相关链接 |
|
|
|
正题名:C语言程序设计
索取号:TP312C/L324
 
预约/预借
| 序号 | 登录号 | 条形码 | 馆藏地/架位号 | 状态 | 备注 |
| 1 | 244327 | 202443276 | 自科库301/301自科库 54排3列2层/ [索取号:TP312C/L324] | 在馆 | |
| 2 | 244328 | 202443285 | 自科库301/301自科库 54排3列2层/ [索取号:TP312C/L324] | 在馆 |